000 00616nam a2200193Ia 4500
005 20250508165111.0
008 008 250505s9999 xx 000 0 eng d
037 _aTextual
040 _aFEDL
_beng
_cFEDL
041 _aeng
_2eng
084 _a305.235, AGO
_qFEDL
100 _aAgochiya Devendra
_9482468
245 0 _aLife competencies for adolescents: Training manual for facilitators, teachers and parents
260 _aNew Delhi, India
_bSage Publications India Pvt. Ltd
_c2010
300 _axxxvii,351p.
365 _aINR
_b495
942 _cTEXL
_h305.235, AGO
999 _c1393166
_d1393166